| 000 | 00370 a2200157 4500 | ||
|---|---|---|---|
| 001 | 75012 | ||
| 020 | _a9788516075118 | ||
| 040 | _cAnchieta - Colégio São Paulo | ||
| 100 | _aTufano, Douglas | ||
| 240 | 1 | 0 |
_aGramática fundamental, 4º ano _lpor |
| 245 | 1 | 0 | _aGramática fundamental, 4º ano |
| 300 | _a295 | ||
| 362 | 0 | _a2012 | |
| 650 | 4 | _aPortuguês | |
| 942 | _cBK | ||
| 999 |
_c75012 _d75012 |
||